| 000 | 00768nam a2200181 i 4500 | ||
|---|---|---|---|
| 001 | 153196 | ||
| 003 | ES-MaACL | ||
| 005 | 20230906205051.0 | ||
| 008 | 040806s1828 fr a |||| | fre d | ||
| 040 |
_aCAM _bspa _cCAM |
||
| 245 | 0 | 0 | _aCollection des classiques français. |
| 260 |
_aParis : _bDufour et compagnie libraires, _c1828 ( _fImprimerie de Jules Didot aine) |
||
| 300 |
_a2544 p., [2] h. de lám. ; _c21 cm. |
||
| 597 | _aPremiere partie, Vers: 1547 p., [1] h. de lám. - Seconde partie, Prosa: pp. [1547]-2544, [1] h. de lám. | ||
| 597 | _a1 t. en 2 v. | ||
| 599 | _aLas h. de lám. grab. con representación alegórica con retratos de escritore franceses. | ||
| 852 |
_aES-MaACL _jG-9101-02 _z-- Enc. hol. _q-- Falto de la port. de la premiere partie |
||
| 999 |
_c153196 _d153196 |
||